15 principaux pays touchés par Covid-19 - 6 avril 2022 - Statistiques

Statistiques générales
  • Ce quiz a été pris 68 fois
  • Le résultat moyen est 13 sur 29
Statistiques - réponses
pays % Correct
France
100%
Allemagne
98%
États-Unis
95%
Italie
91%
Espagne
89%
Russie
86%
Inde
79%
Royaume-Uni
79%
Brésil
71%
Portugal
71%
Suisse
57%
Belgique
54%
Argentine
52%
Pays-Bas
48%
Pays-Bas
48%
Corée du Sud
38%
Autriche
34%
Danemark
29%
Turquie
29%
Tchèquie
18%
Iran
14%
Israël
13%
Lituanie
7%
Slovénie
7%
Estonie
5%
Lettonie
5%
Viêt Nam
4%
Géorgie
2%
Chypre
0%
Aucun quiz correspondant
Distribution des résultats
% des personnes avec chaque résultat
Percentile par nombre de réponses
Votre historique - résultats
Vous n’avez pas pris ce quiz